Powiaty na literę D - Statystyki

Ogólne statystyki
  • Ten quiz został rozwiązany 338 razy
  • Średni wynik to 5 z 6
Statystyki odpowiedzi
Województwo Powiat % Poprawnych
śląskie Dąbrowa Górnicza
95%
podkarpackie dębicki
90%
małopolskie dąbrowski
89%
zachodniopomorskie drawski
89%
dolnośląskie dzierżoniowski
87%
warmińsko-mazurskie działdowski
85%
Nie znaleziono quizów pasujących do podanych kryteriów
Rozkład punktacji
Procent ludzi z każdym wynikiem
Percentyl według liczby udzielonych odpowiedzi
Twoja historia wyników
Nie rozwiązałeś tego quizu